00643nam a22001937a 4500003000200000005001700002008004100019020002200060050002600082100002500108245012300133260004300256300003000299500002100329504004200350650002100392650002100413650001500434020230824085537.0230824b xxu||||| |||| 00| 0 eng d a978-621-406-333-8 aLB 2369 b.An54 2022 aAng, Jaime Gutierrez aResearch 101 : notes and style guide in thesis and dissertation writing for the Filipino studentscJamie Gutierrez Ang aManilabMindshapers Co., Inc. cc2022. axii, 160 pages ;c26 cm.  aThesis writing.  aIncludes bibliographical references.  aThesis writing.  aReport writing.  aResearch.